|
|
|
|
| LEADER |
00000cam a2200000 a 4500 |
| 001 |
vtls008482891 |
| 003 |
SK-MaSNL |
| 005 |
20260302074926.0 |
| 008 |
250313s1941 xo h g 000 0dslo |
| 015 |
|
|
|a SNBA19391941-001403
|
| 015 |
|
|
|a SNBA1941
|
| 035 |
|
|
|a urn:nbn:sk:snk-am3hkss
|
| 035 |
|
|
|a CBB47A8B-D0A3-41EE-8972-82AEAE31F568
|
| 035 |
|
|
|a urn:nbn:sk:snk-am00d3vn
|
| 035 |
|
|
|a SK01SNKBKSD120020087899
|
| 035 |
|
|
|a SKM000090362
|
| 040 |
|
|
|a SNK
|b slo
|c SNK
|e AACR2
|
| 041 |
0 |
|
|a slo
|b ger
|
| 044 |
|
|
|a xo
|c SK
|
| 072 |
|
7 |
|a 929
|x Biografie
|2 konspekt
|
| 072 |
|
7 |
|a 821.162.4.09
|x Slovenská literatúra (o nej)
|2 konspekt
|
| 080 |
|
|
|a 929
|2 2001
|
| 080 |
|
|
|a 821.162.4
|2 2001
|
| 080 |
|
|
|a 82.09
|2 2001
|
| 080 |
|
|
|a (048.8)
|2 2001
|
| 100 |
1 |
|
|a Sedlák, Ján,
|d 1914-2007
|4 aut
|9 86199
|
| 245 |
1 |
0 |
|a Literárne dielo Tichomíra Milkina
|b literárnohistorická štúdia
|c Ján Sedlák
|
| 260 |
|
|
|a Trnava
|b Spolok sv. Vojtecha
|c 1941
|
| 300 |
|
|
|a 165 s.
|b faks.
|c 25 cm
|
| 490 |
1 |
|
|a Spisy sekcie jazykovedy, literatúry a literárnych dejín Slovenskej katolíckej akadémie
|v č. 1
|
| 504 |
|
|
|a Bibliogr., pozn.
|
| 546 |
|
|
|a Res. v nem.
|
| 600 |
1 |
7 |
|a Milkin, Tichomír,
|d 1864-1920
|2 SNKMA
|9 224564
|
| 650 |
0 |
7 |
|a slovenská literatúra
|2 SNKPH
|9 1115
|
| 650 |
0 |
7 |
|a literárnovedné rozbory
|2 SNKPH
|9 241582
|
| 655 |
|
7 |
|a štúdie
|2 SNKPH
|9 57033
|
| 810 |
2 |
|
|a Slovenská katolícka akadémia
|t Spisy sekcie jazykovedy, literatúry a literárnych dejín
|9 741114
|
| 852 |
|
|
|a Slovenská národná knižnica
|
| 958 |
|
|
|a LX
|
| 958 |
|
|
|a NB
|
| 958 |
|
|
|a OND
|
| 999 |
|
|
|c 1167090
|d 1169020
|
| 952 |
|
|
|a SNK
|b SNK
|y PREZ
|7 0
|p 17A0753603
|o snkSC 2834/1
|i snk53/43
|0 0
|1 0
|4 0
|d 2011-11-29
|f 1
|l 0
|r 2025-06-17 00:00:00
|w 2026-02-24
|
| 952 |
|
|
|a SNK
|b SNK
|y VYP
|7 0
|p 17A0747548
|o snkSC 2834/1 D2
|i snkK 2521/63
|8 3
|3 rekatalogizácia
|0 0
|1 0
|4 0
|d 2011-10-26
|l 0
|r 2026-02-24 20:52:05
|w 2026-02-24
|
| 952 |
|
|
|a SNK
|b SNK
|y VYP
|7 0
|p 17A0202952
|o snkSC 2834/1 D1
|i snkV 1594/61
|8 2
|0 0
|1 0
|4 0
|d 1999-07-14
|l 0
|r 2005-01-02 00:00:00
|w 2026-02-24
|